Gwiazdy - Statystyki

Ogólne statystyki
  • Ten quiz został rozwiązany 17 razy
  • Średni wynik to 6 z 15
Statystyki odpowiedzi
Zagadnienie Odpowiedź % Poprawnych
Najjaśniejsza gwiazda na ziemskim niebie Syriusz
79%
jedną z najjaśniejszych gwiazd nieba południowego i najbliższym systemem gwiazdowym względem Układu Słonecznego zaledwie 4,3 roku świetlnego od nas Alpha Centauri
71%
niemal idealnie wskazuje kierunek północny Gwiazda polarna
64%
Najjaśniejsza gwiazda w gwiazdozbiorze panna Spika
64%
Jest oddalona od Ziemi o 16 lat świetlnych , jest 2 razy większa pod względem średnicy od słońca , wielką szybkością obraca się wokół własnej osi Altair
50%
ta gwiazda ma dużą prędkością własną oraz małą zawartością metali. Arktur
43%
najjaśniejsza gwiazda w konstelacji Woźnicy i zarazem szósta pod względem jasności gwiazda na nocnym niebie. Jest oddalona od Słońca o około 43 lata świetlne. Kapella
43%
Ma około 120 tysięcy razy większą jasność od Słońca , Niebiesko-biały nadolbrzym w gwiazdozbiorze Oriona Rigel
43%
czerwonawy olbrzym w gwiazdozbiorze Byka . Aldebaran jest jedną z 15 najjaśniejszych gwiazd, o widocznej wielkości gwiazdowej 0,85. Jego średnica jest 44 razy większa od średnicy Słońca Aldebaran
36%
najjaśniejsza gwiazda w gwiazdozbiorze Wielkiej Niedźwiedzicy, część asteryzmu Wielkiego Wozu. Jest oddalona o 83 lata świetlne od Słońca. Alioth
36%
jedna z jaśniejszych gwiazd w gwiazdozbiorze Wielkiego Psa Jest odległa od Słońca o około 1610 lat świetlnych. Wezen
36%
najjaśniejsza gwiazda w gwiazdozbiorze Krzyża Południa Odległa od Słońca o około 316 lat świetlnych. Acrux
21%
czerwony olbrzym, należy do typu widmowego M0. Jego temperatura to 3800 K, a jasność jest 1900 razy większa niż jasność Słońca , znajduje się w gwiazdozbiorze Andromedy Mirach
21%
gwiazda była układem spektroskopowo podwójnym Kastor
14%
najjaśniejsza gwiazda w gwiazdozbiorze Pegaza, oddalona od Słońca o ok. 690 lat świetlnych Enif
0%
Nie znaleziono quizów pasujących do podanych kryteriów
Rozkład punktacji
Procent ludzi z każdym wynikiem
Percentyl według liczby udzielonych odpowiedzi
Twoja historia wyników
Nie rozwiązałeś tego quizu